000 00620nam a2200193Ia 4500
003 OSt
005 20251103160659.0
008 210210b1983 xxu||||| |||| 00| 0 eng d
040 _cAL
041 _aKannada
082 _aK894.4 VIRM
100 _aVIRANNA (C).
_9197718
_dವೀರಣ್ಣ (ಸಿ)
245 _aMarksvada tatvashastra mattu sahitya.
_bಮಾರ್ಕ್ಸ್ ವಾದ ತತ್ವಶಾಸ್ತ್ರ ಮತ್ತು ಸಾಹಿತ್ಯ
260 _aKasaragodu
_bNavakarnataka Pablikeshans
_c1983
300 _a36
690 _aKannada Prose
_9197719
906 _aSG03030
942 _2ddc
_cBK
999 _c113970
_d113970